000
00234 a2200097 4500
020
_a
9781111644543
100
_a
Whitman,
245
_a
Refrigeration And Air Conditioning Technology
250
_a
7Th Edition
260
_b
Cengage Learning
999
_c
11234
_d
11234